The art of the Maya; November 15th to December 15th, 1937.
Saved in:
| Corporate Author: | |
|---|---|
| Other Authors: | |
| Format: | Book |
| Language: | English |
| Published: |
Baltimore, Md.,
The Baltimore Museum of Art [1937]
|
| Subjects: | |
| Tags: |
Add Tag
No Tags, Be the first to tag this record!
|
| LEADER | 01007cam a2200289I 4500 | ||
|---|---|---|---|
| 001 | 001044648-6 | ||
| 005 | 20050319140011.0 | ||
| 008 | 800211s1937 mdube b 00010 engm | ||
| 010 | |a 40031602 | ||
| 035 | 0 | |a ocm05972715 | |
| 040 | |a DLC |c CSJ |d OCL |d m.c. |d SER | ||
| 050 | 0 | |a F1435.3.A7 |b B3 | |
| 082 | |a 970.65717 | ||
| 110 | 2 | |a Baltimore Museum of Art. | |
| 245 | 1 | 4 | |a The art of the Maya; |b November 15th to December 15th, 1937. |
| 260 | 0 | |a Baltimore, Md., |c The Baltimore Museum of Art |c [1937] | |
| 300 | |a [38] p. incl. front. (map) plates ; |c 29 cm. | ||
| 500 | |a "Foreword" signed: R.J. McKinney, director. | ||
| 504 | |a Bibliography on last leaf of text. | ||
| 650 | 0 | |a Maya art |x Exhibitions. | |
| 650 | 0 | |a Mayas. | |
| 655 | 7 | |a Exhibition catalogs. |2 fast | |
| 655 | 7 | |a Exhibition catalogs. |2 fast |0 (OCoLC)fst01424028 | |
| 700 | 1 | |a McKinney, Roland Joseph, |d 1898- | |
| 773 | 0 | 8 | |d 1931-1946. |t Baltimore. Mus. Of Art. Catalogues. 1931-1946. |o 848078 |w (OCoLC)1008585510 |
| 988 | |a 20020608 | ||
| 906 | |0 DLC | ||


